[Event "PRO League Stage"]
[Site "Chess.com INT"]
[Date "2017.02.11"]
[Round "5"]
[White "Vertetics, Attila"]
[Black "Ke, Ivan"]
[Result "1-0"]
[WhiteElo "2416"]
[BlackElo "2058"]
[PlyCount "101"]
[EventDate "2017.01.11"]
[EventType "team-swiss (rapid)"]
[EventRounds "7"]
[EventCountry "USA"]
[SourceTitle "CBM 176 Extra"]
[Source "ChessBase"]
[SourceDate "2017.03.02"]
[SourceVersion "1"]
[SourceVersionDate "2017.03.02"]
[SourceQuality "1"]
[WhiteTeam "Budapest Gambit"]
[BlackTeam "San Jose Hackers"]
[WhiteTeamCountry "HUN"]
[BlackTeamCountry "USA"]

1. d4 d5 2. Nf3 Nf6 3. c4 e6 4. Nc3 Be7 5. Bg5 0-0 6. e3 Nbd7 7. Qc2 h6 8. Bh4 b6 9. cxd5 exd5 10. Bd3 Bb7 11. 0-0 c5 12. Rad1 Rc8 13. Bf5 c4 14. Ne5 Bc6 15. Bxf6 Bxf6 16. Nxc6 Rxc6 17. Nxd5 b5 18. a4 a6 19. Ra1 Nb6 20. axb5 axb5 21. Nxf6+ Qxf6 22. Be4 Rd6 23. Ra5 b4 24. Qd2 c3 25. Qd3 cxb2 26. Rb5 Na4 27. Rxb4 Nc5 28. Bh7+ Kh8 29. Qf5 Na6 30. Rxb2 g6 31. Bxg6 fxg6 32. Qxf6+ Rdxf6 33. Rc1 R8f7 34. f3 Kg7 35. e4 Nc7 36. d5 Rd6 37. Rc5 Na6 38. Ra5 Re7 39. Kf2 Kf6 40. Ke3 Nc7 41. Kd3 Ne6 42. Ke3 Nc7 43. Kf2 g5 44. Rc2 Ne8 45. Rac5 Ke5 46. Rc8 g4 47. Ke3 gxf3 48. gxf3 Kf6 49. Kd4 Ng7 50. R2c6 Rde6 51. dxe6 1-0

[Event "PRO League Stage"]
[Site "Chess.com INT"]
[Date "2017.02.11"]
[Round "5"]
[White "Vertetics, Attila"]
[Black "Mamedyarov, Shakhriyar"]
[Result "0-1"]
[WhiteElo "2416"]
[BlackElo "2766"]
[PlyCount "92"]
[EventDate "2017.01.11"]
[EventType "team-swiss (rapid)"]
[EventRounds "7"]
[EventCountry "USA"]
[SourceTitle "CBM 176 Extra"]
[Source "ChessBase"]
[SourceDate "2017.03.02"]
[SourceVersion "1"]
[SourceVersionDate "2017.03.02"]
[SourceQuality "1"]
[WhiteTeam "Budapest Gambit"]
[BlackTeam "San Jose Hackers"]
[WhiteTeamCountry "HUN"]
[BlackTeamCountry "USA"]

1. d4 Nf6 2. c4 g6 3. Nc3 d5 4. Nf3 Bg7 5. e3 0-0 6. Qb3 e6 7. Bd2 b6 8. Rc1 Bb7 9. Be2 dxc4 10. Bxc4 Nbd7 11. 0-0 c5 12. Be2 Qb8 13. h3 Rd8 14. Rfd1 cxd4 15. Nxd4 Nc5 16. Qc2 Qe5 17. Be1 Rac8 18. Nf3 Qb8 19. Rxd8+ Rxd8 20. b4 Ncd7 21. Nb5 a6 22. Nc3 Ne5 23. Nd4 Rc8 24. Qd1 h5 25. Na4 Nd5 26. Bf1 Nd7 27. a3 b5 28. Nc3 N7b6 29. Nxd5 Bxd5 30. Bc3 Qb7 31. Ba1 Nc4 32. Bxc4 bxc4 33. f3 Qb6 34. Kf2 a5 35. Bc3 axb4 36. axb4 Rd8 37. Qe1 Bb7 38. Ne2 e5 39. Rd1 Ra8 40. Qd2 Bc6 41. Qd6 Re8 42. Rd2 Bf8 43. Qf6 Bh6 44. f4 Bg7 45. Qd6 Bf8 46. Qf6 Be7 0-1

[Event "PRO League Central"]
[Site "Chess.com INT"]
[Date "2017.02.01"]
[Round "4"]
[White "Movsesian, Sergei"]
[Black "Vertetics, Attila"]
[Result "1-0"]
[WhiteElo "2679"]
[BlackElo "2416"]
[PlyCount "121"]
[EventDate "2017.01.11"]
[EventType "team-swiss (rapid)"]
[EventRounds "7"]
[EventCountry "USA"]
[SourceTitle "CBM 176 Extra"]
[Source "ChessBase"]
[SourceDate "2017.03.02"]
[SourceVersion "1"]
[SourceVersionDate "2017.03.02"]
[SourceQuality "1"]
[WhiteTeam "London Lions"]
[BlackTeam "Budapest Gambit"]
[WhiteTeamCountry "ENG"]
[BlackTeamCountry "HUN"]

1. Nf3 d5 2. g3 c6 3. Bg2 Bg4 4. 0-0 Nd7 5. d3 e6 6. c4 Bxf3 7. Bxf3 dxc4 8. dxc4 Ne5 9. Qb3 Nxf3+ 10. exf3 Qb6 11. Qxb6 axb6 12. Nc3 Nf6 13. b3 Bc5 14. Rd1 Ke7 15. Na4 Rhd8 16. Bb2 Ne8 17. Bc3 Rxd1+ 18. Rxd1 Ra6 19. Rd2 Bd6 20. Bd4 Bc7 21. f4 f6 22. Rd1 g6 23. Kg2 Ng7 24. g4 e5 25. fxe5 fxe5 26. Be3 Ne6 27. Nc3 Ra8 28. a4 Rd8 29. Rxd8 Kxd8 30. Ne4 Ke7 31. h4 Nf8 32. Bg5+ Kf7 33. Kf3 Ne6 34. Be3 h5 35. gxh5 gxh5 36. Ng3 Kg6 37. Ke4 Nd4 38. b4 Nc2 39. b5 Bd8 40. Nf5 Nxe3 41. fxe3 cxb5 42. cxb5 Bf6 43. Nd6 Bxh4 44. Nxb7 Be7 45. a5 bxa5 46. Nxa5 Bc5 47. Nc4 h4 48. Nxe5+ Kg7 49. Kf3 h3 50. e4 h2 51. Kg2 Bd4 52. Nc4 Bg1 53. b6 Kf6 54. b7 Ba7 55. Kxh2 Ke6 56. e5 Kd7 57. Kg3 Kc7 58. Nd6 Bd4 59. Kf4 Bb2 60. Kf5 Ba1 61. e6 1-0